Myanmar mein parivartan (Record no. 8586)

MARC details
000 -LEADER
fixed length control field 00319nam a2200133Ia 4500
020 ## - INTERNATIONAL STANDARD BOOK NUMBER
ISBN 9789383445271
082 ## - DEWEY DECIMAL CLASSIFICATION NUMBER
Classification number 959.1 mya-
245 #0 - TITLE STATEMENT
Title Myanmar mein parivartan
260 ## - PUBLICATION, DISTRIBUTION, ETC. (IMPRINT)
Place of publication New Delhi
Name of publisher Vishwa Mamlo ke Bharatiya Parishad
Year of publication 2015
300 ## - PHYSICAL DESCRIPTION
Number of Pages xx, 169p
650 ## - SUBJECT ADDED ENTRY--TOPICAL TERM
Topical Term Mynamar
700 ## - ADDED ENTRY--PERSONAL NAME
Personal name Bhatia, Rajiv K.
942 ## - ADDED ENTRY ELEMENTS (KOHA)
Koha item type Books
Holdings
Withdrawn status Lost status Damaged status Not for loan Collection code Home library Current library Date acquired Source of acquisition Bill Date Full call number Accession Number Price effective from Koha item type Public note
        हिंदी पुस्तकों पर विशेष संग्रह NASSDOC Library NASSDOC Library 24/11/2015 Gifted by : Indian Council of World Affa 2014-11-19 959.1 mya- 48844 18/04/2019 Books हिंदी पुस्तकों पर विशेष संग्रह